Amarillo by Morning Lyrics - George Strait - Statistics

General Stats
  • This quiz has been taken 453 times
  • The average score is 106 of 136
Answer Stats
Answer % Correct
a
100%
Amarillo
98%
by
97%
I
96%
mornin'
96%
San
92%
Up
91%
up
91%
got
90%
is
90%
on
90%
the
89%
what
89%
that
88%
be
87%
from
86%
Everything
83%
in
82%
just
82%
I'll
81%
Antone
79%
ain't
74%
Texas
74%
sky
73%
and
72%
And
72%
my
72%
I've
71%
When
71%
when
71%
But
69%
but
69%
sun
69%
there
66%
county
65%
fair
65%
girlfriend
65%
high
65%
wife
65%
buckin'
64%
Fe
63%
They
63%
they
63%
way
63%
Houston
62%
Lost
62%
Santa
62%
along
61%
I'm
61%
at
60%
leg
60%
rich
60%
saddle
60%
somewhere
60%
Broke
59%
free
59%
for
58%
gate
58%
dime
57%
judge
57%
Lord
57%
hope
54%
mine
54%
lookin'
53%
took
53%
blind
52%
eight
52%
pull
52%
mind
51%
where
51%
Amarillo's
42%
No matching quizzes found
Score Distribution
Percent of People with Each Score
Percentile by Number Answered
Your Score History
You have not taken this quiz